000 00960nam a22003257a 4500
001 BR2016003504
003 BR-BrBNA
005 20230928104942.0
007 ta
008 230509b bl.||||| |||| 00| 0 por d
040 _aBR-BrBNA
_bpor
_cBiblioteca Nacional de Agricultura
041 _a(Por)
072 _aH01
090 _ H01 BR2016003504
100 1 _aLima, L.C.S.F.
110 1 _aAssociação Nacional de Defesa Vegetal, São Paulo, SP (Brasil)
245 1 _aA evolução dos produtos fitossanitários e seu uso no Brasil
_bColeção Andef Ciência; v. 2
260 3 _aSão Paulo, SP (Brasil):
_c2013.
300 _a73 p.
500 _a39 ref.; Summary (Por); 8 graphs.; 47 tables
650 _aAGRICULTURA
650 _aBOTÂNICA
650 _aECOLOGIA
650 _aDOENÇA DE PLANTA
650 _aPRAGA DE PLANTA
650 _aDIAGNÓSTICO
650 _aPULVERIZAÇÃO
909 _a202309
_bLucia
_c55
_dLucia Elande
942 _cBK
999 _c82609
_d82609